| 000 | 00928nam a2200241Ia 4500 | ||
|---|---|---|---|
| 003 | OSt | ||
| 005 | 20250410133456.0 | ||
| 008 | 191128s2006 ck er 000 f spa d | ||
| 020 | _a9580489602 | ||
| 040 |
_aCO-JMCR _cCO-JMCR |
||
| 041 | _aspa | ||
| 082 | 0 | 4 |
_aA-N _bBENa |
| 100 | 1 |
_aBenni, Stefano, _d1947 _qautor _96354 |
|
| 245 | 1 | 0 |
_aAquiles pies ligeros / _cBenni Stefano ; Tradución Lina Patricia Bojanini |
| 250 | _aPrimera edición | ||
| 260 |
_aBogotá : _bNorma, _c2006. |
||
| 300 |
_a285 páginas ; _c22 cm. |
||
| 490 | 0 | _aLa otra orilla | |
| 520 | _aUlises es un joven escritor de escaso futuro y presente incierto. Trabaja en una pequeña editorial al borde del colpso y está enamorada de Pilar, una hermosísima inmigrante latinoamericana. Un día Ulises recibe una carta de un misterioso personaje. | ||
| 650 | 1 | 4 |
_aNovela _96355 |
| 700 |
_aBojanini, Lina Patricia, _etraductora _96356 |
||
| 942 |
_2ddc _cBK |
||
| 999 |
_c4197 _d4197 |
||